Teoría e investigación de la comunicación de masas

Uloženo v:
Podrobná bibliografie
Hlavní autor: Lozano Rendón, José Carlos (autor)
Médium: Kniha
Jazyk:španělština
Vydáno: Ciudad de México Prentice Hall 1996
Témata:
Tagy: Přidat tag
Žádné tagy, Buďte první, kdo vytvoří štítek k tomuto záznamu!

MARC

LEADER 00000nam a2200000 a 4500
001 UCN8855
003 CL-VaPUC
008 011123e19960000MX |||||||||||||||||spa|d
082 0 4 |a 302.2  |b LOZ  |2 21 
100 |a Lozano Rendón, José Carlos  |e autor  |9 556547 
245 1 0 |a Teoría e investigación de la comunicación de masas 
300 |a 233 p 
942 |c BK 
945 |d 20011123 00:00:00  |a vberengu 
260 |a Ciudad de México  |b Prentice Hall  |c 1996 
650 0 |a Comunicación   |9 257251 
650 0 |a Proceso de comunicación   |9 332060 
650 7 |a COMUNICACION DE MASAS  |2 CL-VaPUC  |9 334823 
650 7 |a MENSAJES  |2 CL-VaPUC  |9 335531 
583 |a last modification  |c 20011123 00:00:00  |k Rodrigo Vera 
999 |c 298596  |d 298594 
952 |0 0  |1 0  |4 0  |6 302_200000000000000_LOZ_1996  |7 0  |8 A  |9 354299  |a BIBCUR  |b BIBCUR  |d 2019-11-21  |i 3775135  |o 302.2 LOZ 1996  |p 3775135  |r 2025-04-22  |w 2019-11-21  |y BK  |k PER